<?xml version="1.0" encoding="UTF-8"?>
<record
    xmlns:xsi="http://www.w3.org/2001/XMLSchema-instance"
    xsi:schemaLocation="http://www.loc.gov/MARC21/slim http://www.loc.gov/standards/marcxml/schema/MARC21slim.xsd"
    xmlns="http://www.loc.gov/MARC21/slim">

  <leader>02368nam a2200313 i 4500</leader>
  <controlfield tag="003">EG-GICUC</controlfield>
  <controlfield tag="005">20260429124850.0</controlfield>
  <controlfield tag="008">260429s1831    fr  |||fr|||| 00| 0 fre d</controlfield>
  <datafield tag="040" ind1=" " ind2=" ">
    <subfield code="a">EG-GiCUC</subfield>
    <subfield code="b">fre</subfield>
    <subfield code="c">EG-GiCUC</subfield>
    <subfield code="d">EG-GiCUC</subfield>
    <subfield code="e">Rda</subfield>
  </datafield>
  <datafield tag="041" ind1=" " ind2=" ">
    <subfield code="a">fre</subfield>
  </datafield>
  <datafield tag="082" ind1="0" ind2="4">
    <subfield code="2">21</subfield>
    <subfield code="a">343.044</subfield>
    <subfield code="b">LO . L</subfield>
  </datafield>
  <datafield tag="092" ind1="0" ind2="4">
    <subfield code="2">21</subfield>
  </datafield>
  <datafield tag="099" ind1=" " ind2=" ">
    <subfield code="a">Law1 10 343.044 LO . L 1831</subfield>
  </datafield>
  <datafield tag="100" ind1="1" ind2=" ">
    <subfield code="a">Locr&#xE9;, M. Le Baron</subfield>
    <subfield code="e">Auteur</subfield>
  </datafield>
  <datafield tag="245" ind1="1" ind2="3">
    <subfield code="a">La L&#xE9;gislation Civile, Commerciale Et Criminelle De La France, Ou Commentaire Et Compl&#xE9;ment Des Codes Francais.</subfield>
    <subfield code="n">Tome Vingt-Sixieme / </subfield>
    <subfield code="c">Par M. Le Baron Locr&#xE9;.</subfield>
  </datafield>
  <datafield tag="264" ind1=" " ind2="1">
    <subfield code="a">Paris : </subfield>
    <subfield code="b">Treuttel Et W&#xFC;rtz, Libraires,</subfield>
    <subfield code="c">1831.</subfield>
  </datafield>
  <datafield tag="300" ind1=" " ind2=" ">
    <subfield code="a">460 page ;</subfield>
    <subfield code="c"> 24 cm.</subfield>
    <subfield code="b">illustration ;</subfield>
  </datafield>
  <datafield tag="336" ind1=" " ind2=" ">
    <subfield code="2">rda contenu</subfield>
    <subfield code="a"> texte</subfield>
  </datafield>
  <datafield tag="337" ind1=" " ind2=" ">
    <subfield code="2">rda  medias</subfield>
    <subfield code="a">Ordinateur</subfield>
  </datafield>
  <datafield tag="338" ind1=" " ind2=" ">
    <subfield code="2"> transporteur rda</subfield>
    <subfield code="a"> Ressource en ligne</subfield>
  </datafield>
  <datafield tag="500" ind1=" " ind2=" ">
    <subfield code="a">Le COMMENTAIRE, de la conf&#xE9;rence avec le texte des Codes, et, entre eux, des Proc&#xE8;s-verbaux, en partie inedits, du Conseil d'Etat qui coptiennent la discussion du Cops CIVIL: des Proc&#xE8;s-verbaux, enti&#xE8;rement in&#xE9;dits, de la discussion du CODE DE COMMERCE, JU CODE DE PROC&#xC9;DURE, Ju CODE D'INSTRUCTION CRIMI BELLE et du CODE P&#xC9;RAL; des Observations, &#xE9;galement inedives, de la section de l&#xE9;gislation du Tribunat sur les projets des trois premiers Codes, et de celles des commissions du Corps L&#xE9;gislatif sur les deux derniers; enfin, des Expos&#xE9;s de motifs, Rapports et Discours faits ou prononc&#xE9;s, tant dans l'Assembl&#xE9;c g&#xE9;n&#xE9;rale du Tribunat, que devant le Corps L&#xE9;gislatif;
Le COMPL&#xC9;MENT, des Lois ant&#xE9;rieures auxquelles les Codes se r&#xE9;f&#xE9;rent; des Lois post&#xE9;rieures qui les &#xE9;tendent, les modifient; des Discussions dont ces lois sont le r&#xE9;sultat; des Ordonnances, D&#xE9;crets, Avis du Conseil, et autres Actes du pouvoir ex&#xE9;cutif et r&#xE9;gl&#xE9;mentaire destin&#xE9;s &#xE0; en procurer l'ex&#xE9;cution.
Le tout pr&#xE9;c&#xE9;d&#xE9; de PROL&#xC9;COM&#xC8;NES, o&#xF9; l'on expose, dans une premi&#xE8;re partie, le mode de porter la loi qui &#xE9;tait en usage lors de la confection des Codes, et quels travaux pr&#xE9;paratoires il a I a produits; o&#xF9;, dans une seconde, On Trace Histoire G&#xE9;n&#xE9;rale De Chaque Code,</subfield>
  </datafield>
  <datafield tag="504" ind1=" " ind2=" ">
    <subfield code="a">Bibliography: pages 200-250. 240-220 </subfield>
  </datafield>
  <datafield tag="546" ind1=" " ind2=" ">
    <subfield code="a">Texte en fran&#xE7;ais</subfield>
  </datafield>
  <datafield tag="650" ind1="1" ind2="4">
    <subfield code="a">Droit P&#xE9;nal</subfield>
    <subfield code="2">qrmak</subfield>
  </datafield>
  <datafield tag="651" ind1="1" ind2=" ">
    <subfield code="2">qrmak</subfield>
  </datafield>
  <datafield tag="856" ind1="4" ind2="0">
    <subfield code="u">https://fll.law.cu.edu.eg/fulltext/bks/B10-11621.pdf</subfield>
  </datafield>
  <datafield tag="905" ind1=" " ind2=" ">
    <subfield code="a">161</subfield>
  </datafield>
  <datafield tag="942" ind1=" " ind2=" ">
    <subfield code="2">ddc</subfield>
    <subfield code="c">BK</subfield>
    <subfield code="e">21</subfield>
    <subfield code="n">0</subfield>
  </datafield>
  <datafield tag="999" ind1=" " ind2=" ">
    <subfield code="c">74187</subfield>
    <subfield code="d">74187</subfield>
  </datafield>
  <datafield tag="952" ind1=" " ind2=" ">
    <subfield code="0">0</subfield>
    <subfield code="1">0</subfield>
    <subfield code="2">ddc</subfield>
    <subfield code="4">0</subfield>
    <subfield code="7">1</subfield>
    <subfield code="8">&#x627;&#x644;&#x642;&#x627;&#x646;&#x648;&#x646; &#x627;&#x644;&#x62C;&#x646;&#x627;&#x626;&#x64A;</subfield>
    <subfield code="a">CU</subfield>
    <subfield code="b">LAW1</subfield>
    <subfield code="d">2026-04-29</subfield>
    <subfield code="l">0</subfield>
    <subfield code="o">Law1 10 343.044 LO . L 1831 1011621 C1</subfield>
    <subfield code="p">B10-11621</subfield>
    <subfield code="r">2026-04-29 12:49:22</subfield>
    <subfield code="t">1</subfield>
    <subfield code="w">2026-04-29</subfield>
    <subfield code="y">BK</subfield>
  </datafield>
</record>
